00327nam a22001217a 4500003000400000020001800004082001800022100002500040245001700065260007600082300001200158650003500170SGT a9780323476911 a617.525bC16J a Jeffrey D. Bennett  aCoagulopathy a Philadelphia, United StatesbElsevier - Health Sciences Divisionc2016 a443-575 aOral and Maxillofacial Surgery